Revival: (Record no. 14129)

000 -LEADER
fixed length control field 00991nam a2200241 a 4500
001 - CONTROL NUMBER
control field :::00011953$&:&@@
003 - CONTROL NUMBER IDENTIFIER
control field OkBaRHE
005 - DATE AND TIME OF LATEST TRANSACTION
control field 20110302112330.0
008 - FIXED-LENGTH DATA ELEMENTS--GENERAL INFORMATION
fixed length control field s1978 j 000 0 eng u
040 ## - CATALOGING SOURCE
Transcribing agency
100 1# - MAIN ENTRY--PERSONAL NAME
Personal name Warner, Wayne E.
245 10 - TITLE STATEMENT
Title Revival:
Remainder of title touched by Pentecostal fire.
260 ## - PUBLICATION, DISTRIBUTION, ETC. (IMPRINT)
Place of publication, distribution, etc Tulsa, OK., :
Name of publisher, distributor, etc Harrison House
Date of publication, distribution, etc c1978
300 ## - PHYSICAL DESCRIPTION
Extent 163 p. ;
Dimensions 21 cm.
650 ## - SUBJECT ADDED ENTRY--TOPICAL TERM
Topical term or geographic name as entry element Pentecostalism
650 ## - SUBJECT ADDED ENTRY--TOPICAL TERM
Topical term or geographic name as entry element Revivals
942 ## - ADDED ENTRY ELEMENTS (KOHA)
Source of classification or shelving scheme
Koha item type Books
Copies
Koha item type Not for loan Lost status Barcode Full call number Date last seen Withdrawn status Date acquired Permanent Location Copy number Shelving location Damaged status Price effective from Source of classification or shelving scheme
Books  11953BX 8762 .W32010-04-14 2010-04-14RHEMA Bible Training College1General Stacks 2010-04-14 
Books  15405BX 8762 .W32011-03-02 2010-04-14RHEMA Bible Training College2General Stacks 2010-04-14 
Books  15406BX 8762 .W32010-04-14 2010-04-14RHEMA Bible Training College3General Stacks 2010-04-14 
Books  15407BX 8762 .W32010-04-14 2010-04-14RHEMA Bible Training College4General Stacks 2010-04-14 
Books  21353BX 8762 .W32010-04-14 2010-04-14RHEMA Bible Training College5General Stacks 2010-04-14